1997 Animated Movies by Picture - Statistics

General Stats
  • This quiz has been taken 14 times
  • The average score is 3 of 12
Answer Stats
Picture Answer % Correct
Hercules
79%
Pippi Longstocking
64%
Princess Mononoke
43%
Anastasia
36%
Perfect Blue
36%
Case Closed: The Time Bombed Skyscraper
29%
The End of Evangelion
21%
A Chinese Ghost Story: The Tsui Hark Animation
7%
Cats Don't Dance
7%
I Married a Strange Person!
7%
Jungle Emperor Leo
7%
My Father's Dragon
7%
No matching quizzes found
Score Distribution
Percent of People with Each Score
Percentile by Number Answered
Your Score History
You have not taken this quiz